Encyclopedia of wireless telecommunications

Zapisane w:
Opis bibliograficzny
1. autor: Francis Botto
Format: Książka
Język:Undetermined
Wydane: New York McGraw-Hill 2002
Hasła przedmiotowe:
Etykiety: Dodaj etykietę
Nie ma etykietki, Dołącz pierwszą etykiete!
Thư viện lưu trữ: Trung tâm Học liệu Trường Đại học Cần Thơ
LEADER 00526nam a2200193Ia 4500
001 CTU_54793
008 210402s9999 xx 000 0 und d
020 |b 803000 
082 |a 621.382'03 
082 |b B751 
100 |a Francis Botto 
245 0 |a Encyclopedia of wireless telecommunications 
245 0 |c Francis Botto 
260 |a New York 
260 |b McGraw-Hill 
260 |c 2002 
650 |a wireless communication systems 
650 |x encyclopedias 
980 |a Trung tâm Học liệu Trường Đại học Cần Thơ